¿Quién soy? : relatos sobre identidad, nietos y reencuentros /
Cuatro historias ilustradas que recuperan la experiencia de la lectura como parte del derecho a la memoria: el secuestro de bebés y el derecho a la identidad se abordan en relatos que no usan la literatura como excusa para hablar de otra cosa, sino que proponen una experiencia vital de acceso a la c...
Guardado en:
| Autor Principal: | |
|---|---|
| Otros Autores: | , , , , , , |
| Formato: | Libro |
| Publicado: |
Buenos Aires :
Calibroscopio,
2013.
|
| Series: | Biblioteca para una pedagogía de la memoria
|
| Materias: | |
| Etiquetas: |
Agregar Etiqueta
Sin Etiquetas, Sea el primero en etiquetar este registro!
|
| LEADER | 02239nam a22004215a 4500 | ||
|---|---|---|---|
| 001 | CEM.cems018356 | ||
| 008 | 130507s2013##################000#0#####d | ||
| 005 | 20260203164351.0 | ||
| 245 | 1 | 0 | |a ¿Quién soy? : |b relatos sobre identidad, nietos y reencuentros / |c Coordinado Por Paula Bombara E Ilustraciones de Pablo Bernasconi. |
| 260 | |a Buenos Aires : |b Calibroscopio, |c 2013. | ||
| 300 | |a 104 p. | ||
| 490 | 1 | |a Biblioteca para una pedagogía de la memoria | |
| 500 | |a Edición especial de la Dirección General de Cultura y Educación de la Provincia de Buenos Aires. | ||
| 505 | 0 | |a Manuel no es Superman / Paula Bombara e Irene Singer -- ¿Sabés, Athos? / Iris Rivera y María Wernicke -- Los hermanos / María Teresa Andruetto e Istvansch -- Querido Melli / Mario Méndez y Pablo Bernasconi | |
| 520 | |a Cuatro historias ilustradas que recuperan la experiencia de la lectura como parte del derecho a la memoria: el secuestro de bebés y el derecho a la identidad se abordan en relatos que no usan la literatura como excusa para hablar de otra cosa, sino que proponen una experiencia vital de acceso a la cultura. Esta antología recopila cuatro relatos de víctimas del terrorismo de Estado que recuperaron sus identidades gracias a la lucha de Abuelas de Plaza de Mayo. Estas historias invitan a conocer cómo fue la vida de las infancias durante la última dictadura argentina. | ||
| 020 | |a 9789871801633 | ||
| 100 | 1 | |a Bombara, Paula | |
| 700 | 1 | |a Singer, Irene; il. | |
| 700 | 1 | |a Rivera, Iris. | |
| 700 | 1 | |a Wernicke, María; il. | |
| 700 | 1 | |a Andruetto, María Teresa. | |
| 700 | 1 | |a Istvansch; il. | |
| 700 | 1 | |a Méndez, Mario. | |
| 700 | 1 | |a Bernasconi, Pablo, il. | |
| 082 | 0 | 4 | |a A868.4 |
| 653 | |a Literatura argentina | ||
| 653 | |a Literatura juvenil | ||
| 653 | |a Cuentos | ||
| 653 | |a Cuento argentino | ||
| 653 | |a Narrativa argentina | ||
| 653 | |a Narrativa juvenil | ||
| 653 | |a Autor bahiense | ||
| 653 | |a Dictadura | ||
| 653 | |a Derecho a la identidad | ||
| 653 | |a Memoria, Verdad y Justicia | ||
| 653 | |a Biblioteca para una pedagogía de la memoria | ||
| 859 | |a CEMS |b BIB. CEMS - 11 de abril |h A868.4 |i B639 |p 30549.25 |t Ej.1 | ||
| 859 | |a CEMS |b BIB. CEMS - Agricultura |h A868.4 |i B639 |p A2172.14 |t Ej.1 | ||
